000 00697nam a2200253Ia 4500
005 20260429112340.0
008 260429s9999||||xx |||||||||||||| ||und||
020 _a9789348596024
041 _aEnglish
082 _a634.095
_bGOP
100 _aGopal, K.
245 0 _aUnder exploited fruit crops, Vol. 2 /
_cK. Gopal
260 _aNew Delhi :
_bToday & Tomorrow's Printers and Publishers,
_c2025.
300 _a176 p.; hb
440 _vVol. 2
650 _a Horticulture
650 _a Underutilized crops
650 _aFruit crops
700 _a Hussain, S. Firoz
700 _a Kumar, K. Ajay
700 _a Pratyusha Bhagavati, P.
700 _a Srinivasulu, B.
942 _cTB
999 _c53631
_d53631